| 000 | 00462nam a2200181Ia 4500 | ||
|---|---|---|---|
| 005 | 20250423094532.0 | ||
| 008 | 250422s9999 xx 000 0 und d | ||
| 020 | _a978-978-52403-1-3 | ||
| 050 | _aKP 134 .A9/ | ||
| 100 | _aAyorinde Bode | ||
| 245 | 0 | _aBanking Reform in Nigeria[ The law,prospects and the challenges] | |
| 260 | _aIbadan | ||
| 260 | _bJohn Archers | ||
| 260 | _c2018 | ||
| 300 | _a591 p | ||
| 650 | _aBanking law-NIGERIA. | ||
| 942 | _cBK | ||
| 999 |
_c27526 _d27526 |
||